书目信息 |
| 题名: |
火车上的中国人--中国改革开放40年摄影记录
|
|
| 作者: | 王福春 著 | |
| 分册: | ||
| 出版信息: | 北京 中国铁道出版社 2018.07 |
|
| 页数: | 325页 | |
| 开本: | 26cm | |
| 丛书名: | ||
| 单 册: | ||
| 中图分类: | J421.8 | |
| 科图分类: | ||
| 主题词: | 摄影集--中国--现代 | |
| 电子资源: | ||
| ISBN: | 978-7-113-24544-3 | |
| 000 | 00918nam0 2200217 450 | |
| 001 | 1301 | |
| 005 | 20180928080010.97 | |
| 010 | @a978-7-113-24544-3@b精装@dCNY380.00 | |
| 100 | @a20180531d2018 em y0chiy0110 ea | |
| 101 | 0 | @achi |
| 102 | @aCN@b110000 | |
| 105 | @ay z 000yy | |
| 200 | 1 | @a火车上的中国人--中国改革开放40年摄影记录@Ahuo che shang de zhong guo ren--zhong guo gai ge kai fang 40 nian she ying ji lu@9huo che shang de zhong guo ren@f王福春著 |
| 210 | @a北京@c中国铁道出版社@d2018.07 | |
| 215 | @a325页@d26cm | |
| 330 | @a本书作者王福春乘坐火车上千次,行程十多万公里,拍摄万余张摄影作品。本书精选其中300张,这些纪实摄影作品反映了从1978年至2018年的40年间中国人旅途生活的真实瞬间。丰富的影像呈现一种久违的浓烈的人际关系,展示一个流动的中国。 | |
| 606 | 0 | @a摄影集@y中国@z现代 |
| 690 | @aJ421.8@v5 | |
| 701 | 0 | @a王福春@9wang fu chun@4著 |
| 801 | 0 | @aCN@b91CIP@c20180531 |
| 905 | @aMuseLib@dJ421.8@e384 | |
| 火车上的中国人--中国改革开放40年摄影记录/王福春著.-北京:中国铁道出版社,2018.07 |
| 325页;26cm |
| ISBN 978-7-113-24544-3(精装):CNY380.00 |
| 本书作者王福春乘坐火车上千次,行程十多万公里,拍摄万余张摄影作品。本书精选其中300张,这些纪实摄影作品反映了从1978年至2018年的40年间中国人旅途生活的真实瞬间。丰富的影像呈现一种久违的浓烈的人际关系,展示一个流动的中国。 |
| ● |
| 相关链接 |
|
|
|
|
正题名:火车上的中国人--中国改革开放40年摄影记录
索取号:J421.8/384
 
预约/预借
| 序号 | 登录号 | 条形码 | 馆藏地/架位号 | 状态 | 备注 |
| 1 | 1122077 | 211220775 | 第一样本阅览室/ [索取号:J421.8/384] | 在馆 | |
| 2 | 1122078 | 211220784 | 密集书库-物理学院/ [索取号:J421.8/384] | 在馆 |